| 000 | 00818nam a22002417a 4500 | ||
|---|---|---|---|
| 003 | SISC | ||
| 005 | 20160404105344.0 | ||
| 008 | 130227t xxu||||| |||| 00| 0 eng d | ||
| 050 |
_aHV 885 _b.R614 1988 |
||
| 082 |
_aHS 362.74 _b.R51 1988 |
||
| 100 |
_aRitter, Bruce _912336 |
||
| 245 |
_aSometimes God has a kid's face : _bletters from Covenant House / _cRitter, Bruce |
||
| 260 |
_aNew York : _bCovenant House, _cc1988. |
||
| 300 |
_a121 p. _bill. ; _c17 cm. |
||
| 562 | _e1 | ||
| 650 |
_aCovenant House (New York, N.Y.). _912337 |
||
| 650 |
_aHomeless children _xNew York _912338 |
||
| 650 |
_aState) _xNew York. _xCase Studies. _912339 |
||
| 650 |
_aAbandoned children. _xNew York . _x(State) _912340 |
||
| 650 |
_aRunaway teenagers. _xNew York (State).Case Studies. _912341 |
||
| 942 |
_2lcc _cBK |
||
| 999 |
_c9073 _d9073 |
||